[Event "LSS ZN-2009-0-00662"]
[Site "LSS email"]
[Date "2009.07.08"]
[Round "?"]
[White "Bester, Kazimierz"]
[Black "Iglesias, Manuel Jose"]
[Result "1-0"]
[WhiteElo "726"]
[BlackElo "800"]
[PlyCount "35"]
[EventDate "2009.07.05"]
[EventType "match (corr)"]
[EventRounds "2"]
[EventCountry "GER"]
[SourceTitle "Corr 2011"]
[Source "ChessBase"]
[SourceDate "2010.08.31"]
[SourceVersion "1"]
[SourceVersionDate "2010.08.31"]
[SourceQuality "1"]

1. c4 Nf6 2. d4 g6 3. Nc3 Bg7 4. Bg5 d6 5. Nf3 0-0 6. g3 h6 7. Bd2 b6 8. Bg2 Bb7 9. e3 Nbd7 10. 0-0 c5 11. d5 e6 12. dxe6 fxe6 13. Nb5 d5 14. Ne1 Ne5 15. cxd5 a6 16. Nc3 exd5 17. Ne2 Qe7 18. Nf4 1-0

[Event "IECC M email"]
[Site "IECC email"]
[Date "2003.03.18"]
[Round "?"]
[White "Coyne, David W"]
[Black "Iglesias, Manuel Jose"]
[Result "1-0"]
[WhiteElo "1851"]
[BlackElo "1690"]
[PlyCount "43"]
[EventDate "2003.??.??"]
[EventType "tourn (corr)"]
[EventRounds "6"]
[SourceTitle "Corr 2008"]
[Source "ChessBase"]
[SourceDate "2008.06.24"]
[SourceVersion "1"]
[SourceVersionDate "2008.06.24"]
[SourceQuality "1"]

1. e4 e5 2. Nf3 Nc6 3. Bb5 Nf6 4. 0-0 d6 5. d4 Bd7 6. Nc3 Be7 7. Bg5 exd4 8. Nxd4 0-0 9. Bxc6 bxc6 10. Re1 Re8 11. Qd3 Ng4 12. Bxe7 Qxe7 13. Qg3 Rab8 14. Rab1 f5 15. f3 Ne5 16. f4 Nc4 17. b3 Na3 18. Rbd1 fxe4 19. Nxe4 Qf8 20. Ng5 c5 21. Qd3 cxd4 22. Qxh7# 1-0

[Event "IECG TE.2002.P.01109 email"]
[Site "IECG email"]
[Date "2002.12.30"]
[Round "?"]
[White "Bordukalo, Roman"]
[Black "Iglesias, Manuel Jose"]
[Result "1/2-1/2"]
[WhiteElo "825"]
[BlackElo "1700"]
[PlyCount "44"]
[EventDate "2002.12.30"]
[EventType "tourn (corr)"]
[EventRounds "12"]
[SourceTitle "Corr 2008"]
[Source "ChessBase"]
[SourceDate "2008.06.24"]
[SourceVersion "1"]
[SourceVersionDate "2008.06.24"]
[SourceQuality "1"]

1. d4 Nf6 2. c4 c5 3. d5 e6 4. Nc3 exd5 5. cxd5 d6 6. Nf3 g6 7. g3 Bg7 8. Bg2 0-0 9. 0-0 a6 10. a4 Nbd7 11. Nd2 Re8 12. h3 Rb8 13. Nc4 Ne5 14. Na3 Nh5 15. e4 Bd7 16. Ne2 b5 17. f4 b4 18. Nb1 Nc4 19. Qc2 Na5 20. g4 Nf6 21. Rd1 Qb6 22. Kh2 b3 1/2-1/2

[Event "IECG TE.2002.P.01109 email"]
[Site "IECG email"]
[Date "2002.12.30"]
[Round "?"]
[White "Daurelle, Herve"]
[Black "Iglesias, Manuel Jose"]
[Result "1-0"]
[WhiteElo "2359"]
[BlackElo "1700"]
[PlyCount "57"]
[EventDate "2002.12.30"]
[EventType "tourn (corr)"]
[EventRounds "12"]
[SourceTitle "Corr 2008"]
[Source "ChessBase"]
[SourceDate "2008.06.24"]
[SourceVersion "1"]
[SourceVersionDate "2008.06.24"]
[SourceQuality "1"]

1. d4 Nf6 2. c4 c5 3. d5 e6 4. Nc3 exd5 5. cxd5 d6 6. e4 g6 7. f4 Bg7 8. e5 dxe5 9. fxe5 Nfd7 10. e6 fxe6 11. dxe6 Qe7 12. Nd5 Qxe6+ 13. Qe2 Qxe2+ 14. Bxe2 0-0 15. Nc7 Nc6 16. Nxa8 Nb4 17. Bd1 Nd3+ 18. Ke2 Nf2 19. Nf3 Nxh1 20. Be3 Bxb2 21. Bb3+ Kh8 22. Rxh1 b6 23. Nc7 Ne5 24. Bh6 Rd8 25. Bg5 Rf8 26. Be7 Rf4 27. Rd1 Re4+ 28. Kf1 Nxf3 29. Rd8+ 1-0

[Event "IECG TE.2002.P.01109 email"]
[Site "IECG email"]
[Date "2002.12.30"]
[Round "?"]
[White "Iglesias, Manuel Jose"]
[Black "Santurbano, Maria Vincenza"]
[Result "1/2-1/2"]
[WhiteElo "1700"]
[BlackElo "1750"]
[PlyCount "36"]
[EventDate "2002.12.30"]
[EventType "tourn (corr)"]
[EventRounds "12"]
[SourceTitle "Corr 2008"]
[Source "ChessBase"]
[SourceDate "2008.06.24"]
[SourceVersion "1"]
[SourceVersionDate "2008.06.24"]
[SourceQuality "1"]

1. d4 Nf6 2. c4 c5 3. d5 e6 4. Nc3 exd5 5. cxd5 d6 6. e4 g6 7. f4 Bg7 8. Bb5+ Nfd7 9. a4 0-0 10. Nf3 Na6 11. 0-0 Nb4 12. Re1 a6 13. Bf1 Re8 14. h3 Rb8 15. Be3 b6 16. Qd2 Bb7 17. Bf2 Qc7 18. Bc4 Rbd8 1/2-1/2

[Event "IECG TE.2002.P.01109 email"]
[Site "IECG email"]
[Date "2002.12.30"]
[Round "?"]
[White "Iglesias, Manuel Jose"]
[Black "Tong Soen, Kwik"]
[Result "1/2-1/2"]
[WhiteElo "1700"]
[BlackElo "1400"]
[PlyCount "26"]
[EventDate "2002.12.30"]
[EventType "tourn (corr)"]
[EventRounds "12"]
[SourceTitle "Corr 2008"]
[Source "ChessBase"]
[SourceDate "2008.06.24"]
[SourceVersion "1"]
[SourceVersionDate "2008.06.24"]
[SourceQuality "1"]

1. d4 Nf6 2. c4 c5 3. d5 e6 4. Nc3 exd5 5. cxd5 d6 6. e4 g6 7. f4 Bg7 8. Bb5+ Nfd7 9. a4 0-0 10. Nf3 Qe7 11. 0-0 Bxc3 12. bxc3 Qxe4 13. Ng5 Qe7 1/2-1/2